|
|
|
|
| LEADER |
00000nam0a2200000 4500 |
| 001 |
302761 |
| 005 |
20231102001533.0 |
| 035 |
|
|
|a (RuTPU)RU\TPU\book\327972
|
| 090 |
|
|
|a 302761
|
| 100 |
|
|
|a 20150826d1973 k y0rusy50 ca
|
| 101 |
1 |
|
|a rus
|c eng
|
| 102 |
|
|
|a RU
|
| 105 |
|
|
|a a z 001zy
|
| 200 |
1 |
|
|a Компоновка распределительных устройств высокого напряжения
|e пер. с англ.
|f Р. Л. Джилс
|
| 210 |
|
|
|a Москва
|c Энергия
|d 1973
|
| 215 |
|
|
|a 184 с.
|c ил.
|
| 320 |
|
|
|a Библиогр.: с. 171-184.
|
| 606 |
|
|
|a Электрические распределительные устройства, высоковольтные
|x Компоновка
|2 stltpush
|3 (RuTPU)RU\TPU\subj\27390
|9 51153
|
| 610 |
1 |
|
|a электрические соединения
|
| 610 |
1 |
|
|a схемы
|
| 610 |
1 |
|
|a компоновка
|
| 610 |
1 |
|
|a конструкции
|
| 610 |
1 |
|
|a элементы
|
| 610 |
1 |
|
|a ремонт
|
| 610 |
1 |
|
|a проектирование
|
| 610 |
1 |
|
|a эксплуатация
|
| 675 |
|
|
|a 621.316.37
|v 3
|
| 700 |
|
1 |
|a Джилс
|b Р. Л.
|
| 801 |
|
1 |
|a RU
|b 63413507
|c 20150826
|
| 801 |
|
2 |
|a RU
|b 63413507
|c 20210412
|g RCR
|
| 942 |
|
|
|c BK
|